00430 2200169 4500001002100000008004100021035002000062245002900082100001900111260003100130300002300161020002200184084001500206082000800221650001700229990001400246INLIS000000000000542 ind  a0010-0825000076 aMozachikocPoppi Pertiwi aPertiwi, Poppi aJakarta :bLoveable,c2019 a352 hlm.c20,5 cm. a978-602-5406-74-4 a895 /pER m a895 aFiksi Remaja a000000712